UCM

Educaçao, ciencia e religiao (Record no. 37442)

MARC details
000 -LEADER
fixed length control field 00471nam a22001577a 4500
008 - FIXED-LENGTH DATA ELEMENTS--GENERAL INFORMATION
fixed length control field 160701b xxu||||| |||| 00| 0 eng d
020 ## - INTERNATIONAL STANDARD BOOK NUMBER
International Standard Book Number 978-989-616-385-3
080 ## - UNIVERSAL DECIMAL CLASSIFICATION NUMBER
Universal Decimal Classification number 37+215
100 ## - MAIN ENTRY--PERSONAL NAME
Personal name DINIS, Alfredo
245 ## - TITLE STATEMENT
Title Educaçao, ciencia e religiao
Statement of responsibility, etc Alfredo Dinis
250 ## - EDITION STATEMENT
Edition statement 2ed
260 ## - PUBLICATION, DISTRIBUTION, ETC. (IMPRINT)
Place of publication, distribution, etc Lisboa
Name of publisher, distributor, etc Gradiva
Date of publication, distribution, etc 2013
300 ## - PHYSICAL DESCRIPTION
Extent 203p.
Other physical details
Dimensions
Accompanying material
Type of unit
Size of unit
650 ## - SUBJECT ADDED ENTRY--TOPICAL TERM
Source of heading or term O primeiro homemm e a primeira mulher foram , de facto de Adao e Eva
General subdivision Teologia
942 ## - ADDED ENTRY ELEMENTS (KOHA)
Source of classification or shelving scheme Universal Decimal Classification
Item type Books
Holdings
Withdrawn status Lost status Source of classification or shelving scheme Damaged status Not for loan Collection code Home library Current library Shelving location Date acquired Total Checkouts Full call number Barcode Date last seen Copy number Price effective from Koha item type Date last borrowed
    Universal Decimal Classification     Non-fiction Nampula - Direito Nampula - Direito General Stacks 01/07/2016   37+215 220806770 01/07/2016 1 01/07/2016 Books  
    Universal Decimal Classification     Non-fiction Nampula - Direito Nampula - Direito General Stacks 01/07/2016 1 37+215 220806771 19/02/2020 2 01/07/2016 Books 22/02/2017

Universidade Católica de Moçambique - Rua Marquês de Soveral, 960, Palmeiras II, Beira, Moçambique

Tel (Central): (+258) 23 313 077 - Fax: (+258) 23 311 520 - Email: reitoria@ucm.ac.mz - Web: www.ucm.ac.mz